000 00711nam a2200253 a 4500
003 AR-BaBNM
005 20251128203625.0
008 082120s2002 ||||||||||||||000 | spa||
040 _cAR-BaBNM
100 0 _aGonzález Porto-Bompiani
245 0 0 _aDiccionario de autores de todos los tiempos y de todos los países
_n2
260 _aBarcelona
_bMontaner y Simón
_c1963
300 _a1039 p.
_bil., láms
500 _aEl volumen 2 abarca G-N
500 _aLas reseñas biográficas están firmadas por sus autores
650 4 _aDICCIONARIOS
650 4 _aLITERATURA
650 4 _aBIOGRAFIAS
650 4 _aAUTORES
650 4 _aESCRITORES
655 _aREFERENCIA
942 _cBK
998 _claura
999 _c4196
_d4196